000 01191cam a22003377a 4500
003 CHAP
005 20220329134324.0
008 971013s1987 r 00010 d
010 _a18700
011 _a19672
035 _a23757
040 _cCHAP
090 _aTesis
100 0 0 _aAlonso Velasco, Reynaldo.
_94612
245 0 _aContribución de la hojarasca al ciclo de nutrientes, dinámica nutrimental de las hojas y distribución radical del árbol de Cacao (Theobroma cacao L.)
260 _aMontecillos, Méx., :
_bEl autor,
_c1987
300 _a125 h
502 _aTesis (M.C. Esp. en Edafología) -- CP. Centro de Edafología
590 _aALEPH
_b10
_c20130110
_lUCH01
_h1241
590 _aBATCH-UPD
_b10
_c20130110
_lUCH01
_h2054
590 _aBATCH-UPD
_b10
_c20130410
_lUCH01
_h1407
590 _aBATCH-UPD
_b10
_c20130914
_lUCH01
_h0804
590 _aCONVERSION
_b10
_c20130109
_lUCH01
_h1311
650 1 4 _aCacao
_xFisiología y morfología.
_916943
650 1 4 _aPlantas
_xNutrición.
_988874
650 1 4 _aRaíces
_994670
901 _aBK
942 _cFOLL
949 _bBC
_cTES
_d-55142
_eTS1
_h20570
_i23757
_si
949 _bBC
_cTES
_d33724000690772
_eTS2
_fc.2
_h20571
_i23757
_sb
999 _c18700
_d18700